书目信息 |
| 题名: |
云南少数民族的生态智慧与环境保护案例汇编
|
|
| 作者: | 熊华斌 , 阿新祥 , 高云涛 , 高路 主编 | |
| 分册: | ||
| 出版信息: | 北京 科学出版社 2018.08 |
|
| 页数: | 92页, [16] 页图版 | |
| 开本: | 24cm | |
| 丛书名: | ||
| 单 册: | ||
| 中图分类: | X-127.4 | |
| 科图分类: | ||
| 主题词: | 环境保护--huan jing bao hu--案例--云南--汇编 | |
| 电子资源: | ||
| ISBN: | 978-7-03-058410-6 | |
| 000 | 01199nam0 2200289 450 | |
| 001 | 0100010732 | |
| 005 | 20190905093951.0 | |
| 010 | @a978-7-03-058410-6@dCNY68.00 | |
| 100 | @a20190903d2018 em y0chiy50 ea | |
| 101 | 0 | @achi |
| 102 | @aCN@b110000 | |
| 105 | @aaf a 000yy | |
| 106 | @ar | |
| 200 | 1 | @a云南少数民族的生态智慧与环境保护案例汇编@Ayun nan shao shu min zu de sheng tai zhi hui yu huan jing bao hu an li hui bian@f熊华斌 ... [等] 主编 |
| 210 | @a北京@c科学出版社@d2018.08 | |
| 215 | @a92页, [16] 页图版@c彩图@d24cm | |
| 304 | @a题名页题其余责任者: 阿新祥, 高云涛, 高路 | |
| 320 | @a有书目 | |
| 330 | @a本书主要对云南特有的少数民族白族、傣族、哈尼族、布朗族、纳西族、佤族、普米族、傈僳族、景颇族和德昂族在文化、建筑、饮食和农牧中经过几百年甚至几千年积累的生态智慧通过具体的案例进行了阐述, 然后从当代环境保护的角度思考和分析了各民族生态智慧的具体特征和优势。 | |
| 606 | 0 | @a环境保护@Ahuan jing bao hu@x案例@y云南@j汇编 |
| 690 | @aX-127.4@v5 | |
| 701 | 0 | @a熊华斌@Axiong hua bin@4主编 |
| 701 | 0 | @a阿新祥@Aa xin xiang@4主编 |
| 701 | 0 | @a高云涛@Agao yun tao@4主编 |
| 701 | 0 | @a高路@Agao lu@4主编 |
| 801 | 0 | @aCN@c20190905 |
| 905 | @a河南城建学院图书馆@dX-127.4@eX638 | |
| 云南少数民族的生态智慧与环境保护案例汇编/熊华斌 ... [等] 主编.-北京:科学出版社,2018.08 |
| 92页, [16] 页图版:彩图;24cm |
| ISBN 978-7-03-058410-6:CNY68.00 |
| 本书主要对云南特有的少数民族白族、傣族、哈尼族、布朗族、纳西族、佤族、普米族、傈僳族、景颇族和德昂族在文化、建筑、饮食和农牧中经过几百年甚至几千年积累的生态智慧通过具体的案例进行了阐述, 然后从当代环境保护的角度思考和分析了各民族生态智慧的具体特征和优势。 |
| ● |
| 相关链接 |
|
|
|
正题名:云南少数民族的生态智慧与环境保护案例汇编
索取号:X-127.4/X638
 
预约/预借
| 序号 | 登录号 | 条形码 | 馆藏地/架位号 | 状态 | 备注 |
| 1 | 1438767 | 214387670 | 自科库501/501自科库 61排1列2层/ [索取号:X-127.4/X638] | 在馆 | |
| 2 | 1438768 | 214387689 | 市政与环境工程学院资料室/ [索取号:X-127.4/X638] | 在馆 |